Estatutos por los cuales deberá regirse la Asociación de Marinos y Navieros denominada Centro Naval Español
Descripción Física:
8 p. ; 25 cm
Otros Autores:
Centro Naval Español
Materias:
Centro Naval Español -- Estatuts
MARC
| LEADER | 00000nam a2200000Ia 4500 | ||
|---|---|---|---|
| 001 | 23232 | ||
| 008 | 160829s1877 xx 000 0 cat d | ||
| 080 | |a RF-17-17 | ||
| 245 | |a Estatutos por los cuales deberá regirse la Asociación de Marinos y Navieros denominada Centro Naval Español | ||
| 260 | |a Barcelona : |b Imprenta de Llop y Santpere, |c 1877 | ||
| 300 | |a 8 p. ; |c 25 cm | ||
| 590 | |a Prové de 1129, exp. 7 | ||
| 650 | |a Centro Naval Español |x Estatuts |9 48041 | ||
| 700 | |a Centro Naval Español |9 48042 | ||
| 856 | 4 | |u https://media.diba.cat/diba/fitxers/arxiu/fulletons/bib_23232_1877_baixa.pdf |y Accés lliure | |
| 856 | 4 | |u https://media.diba.cat/diba/fitxers/arxiu/fulletons/bib_23232_1877_baixa.pdf |y Accés lliure | |
| 901 | |a Arxiu | ||
| 942 | |n 1 |2 udc | ||
| 952 | |0 0 |1 0 |4 0 |6 RF1717 |7 1 |9 54286 |a Arxiu |b Arxiu |d 2016-12-01 |l 0 |o RF-17-17 |p 23232 |r 2016-12-01 00:00:00 |w 2016-12-01 |y ARXIU | ||
| 999 | |c 58155 |d 58155 | ||
| 900 | |a bib_23232_1877_baixa.pdf | ||